|
|
|
|
| LEADER |
00000nas a2200000 a 4500 |
| 001 |
vtls012266154 |
| 003 |
SK-MaSNL |
| 005 |
20260228160936.0 |
| 008 |
241029d17931795 sr0p 0 0ger |
| 015 |
|
|
|a SNBHFB
|
| 040 |
|
|
|a SNKHF
|b slo
|c SNKHF
|e rda
|
| 041 |
0 |
|
|a ger
|
| 044 |
|
|
|a gw
|c DE
|
| 072 |
|
7 |
|a 646
|x Odievanie. Starostlivosť o telo
|2 konspekt
|
| 080 |
|
|
|a (051)-048.55
|2 2011
|
| 080 |
|
|
|a 646.4
|2 2011
|
| 245 |
0 |
0 |
|a Magazin der neuesten englischen und deutschen Moden für Damen, Künstler und Freunde des Geschmacks
|
| 264 |
|
1 |
|a [Miesto vydania nie je známe]
|b [Vydavateľ nie je známy]
|c 1793/1794-1794/[95?]
|
| 300 |
|
|
|c 22 cm
|
| 310 |
|
|
|a 2x mesačne
|
| 336 |
|
|
|a text
|b txt
|2 rdacontent
|
| 337 |
|
|
|a bez média
|b n
|2 rdamedia
|
| 338 |
|
|
|a zväzok
|b nc
|2 rdacarrier
|
| 362 |
0 |
|
|a 1793/1794-1794/[95?]
|z ZDB/2024
|
| 500 |
|
|
|a Jednotlivé čísla obsahujú obrazovú prílohu
|
| 500 |
|
|
|a Defektný exemplár Zay 10480
|
| 546 |
|
|
|a Nemčina
|b Fraktúra
|
| 561 |
|
|
|a Proveniencia: pečiatka Dr. E. Kadarász - ver. not. poz. Margity Zayovej Čís. 10641-10947, 15225-15226, 10949-10961.
|5 SNK ČC 4394/1793/1794
|
| 561 |
|
|
|a Proveniencia: pečiatka Dr. E. Kadarász - ver. not. poz. Margity Zayovej Čís. 10962-10968, 10948, 10969-10980.
|5 SNK ČC 4394/1794/1795
|
| 650 |
0 |
7 |
|a odievanie
|2 SNKPH
|9 30427
|
| 650 |
0 |
7 |
|a móda
|2 SNKPH
|9 19682
|
| 655 |
0 |
7 |
|a špecializované časopisy
|2 SNKPH
|9 70509
|
| 852 |
|
|
|a snk
|b Zaiova knižnica: Zay 10439-10460
|p ČC 4394/1793/1794
|
| 852 |
|
|
|a snk
|b Zaiova knižnica: Zay 10438, 10461-10480
|p ČC 4394/1794/1795
|
| 958 |
|
|
|a DD
|
| 999 |
|
|
|c 3957
|d 5887
|
| 952 |
|
|
|0 0
|1 0
|4 0
|7 0
|8 5
|a SNK
|b SNK
|c SNK_HF
|d 2024-10-29
|i snk2024/16594
|l 0
|o snkČC 4394/1793/1794
|p 17A1488029
|r 2026-02-21 22:33:51
|t Zay 10439-10460
|w 2026-02-21
|y PREZ
|
| 952 |
|
|
|0 0
|1 0
|4 0
|7 0
|8 5
|a SNK
|b SNK
|c SNK_HF
|d 2024-10-29
|i snk2024/16596
|l 0
|o snkČC 4394/1794/1795
|p 17A1488030
|r 2026-02-21 22:33:51
|t Zay 10438, 10461-10480
|w 2026-02-21
|y PREZ
|